书目信息 |
| 题名: |
计算机仿真和可视化设计
|
|
| 作者: | 蔡建安 , 陈洁华 , 张文艺 编著 | |
| 分册: | ||
| 出版信息: | 重庆 重庆大学出版社 2006.02 |
|
| 页数: | 214页 | |
| 开本: | 26cm | |
| 丛书名: | 虚拟建筑设计丛书 | |
| 单 册: | ||
| 中图分类: | TP311.56 | |
| 科图分类: | ||
| 主题词: | 软件工程--ruan jian gong cheng--LabVIEW--程序设计 | |
| 电子资源: | ||
| ISBN: | 7-5624-3599-5 | |
| 000 | 01268nam 2200289 450 | |
| 001 | 012006720500 | |
| 005 | 20061219112629.89 | |
| 010 | @a7-5624-3599-5@dCNY25.00 (含光盘) | |
| 100 | @a20060419d2006 km y0chiy0120 ea | |
| 101 | 0 | @achi |
| 102 | @aCN@b500000 | |
| 105 | @ay z 000yy | |
| 200 | 1 | @a计算机仿真和可视化设计@Aji suan ji fang zhen he ke shi hua she ji@e基于LabVIEW的工程软件应用@f蔡建安, 陈洁华, 张文艺编著@Fcai jian an,chen jie hua,zhang wen yi bian zhu |
| 210 | @a重庆@c重庆大学出版社@d2006.02 | |
| 215 | @a214页@d26cm@e光盘1片 | |
| 225 | 2 | @a虚拟建筑设计丛书@Axu ni jian zhu she ji cong shu |
| 307 | @a光盘 ISBN : 7-900676-31-7 | |
| 330 | @a本书立足于土木、机械工程、环境、化学工程等各类工艺和工程专业人员的知识背景和认知习惯,讲解LabVIEW程序开发方法,教学实践表明,该书较目前大量根据仪表、计算机、自动控制专业背景编写的相关LabVIEW教程。 | |
| 410 | 0 | @12001 @a虚拟建筑设计丛书 |
| 517 | 1 | @a基于LabVIEW的工程软件应用@Aji yu LabVIEW de gong cheng ruan jian ying yong |
| 606 | 0 | @a软件工程@Aruan jian gong cheng@xLabVIEW@x程序设计 |
| 690 | @aTP311.56@v4 | |
| 701 | 0 | @a蔡建安@Acai jian an@4编著 |
| 701 | 0 | @a陈洁华@Achen jie hua@4编著 |
| 701 | 0 | @a张文艺@Azhang wen yi@4编著 |
| 801 | 0 | @aCN@c20061219 |
| 905 | @a10447@dTP311.56@eC030 | |
| 计算机仿真和可视化设计:基于LabVIEW的工程软件应用/蔡建安, 陈洁华, 张文艺编著.-重庆:重庆大学出版社,2006.02 |
| 214页;26cm+光盘1片.-(虚拟建筑设计丛书) |
| ISBN 7-5624-3599-5:CNY25.00 (含光盘) |
| 本书立足于土木、机械工程、环境、化学工程等各类工艺和工程专业人员的知识背景和认知习惯,讲解LabVIEW程序开发方法,教学实践表明,该书较目前大量根据仪表、计算机、自动控制专业背景编写的相关LabVIEW教程。 |
| ● |
| 相关链接 |
|
|
|
正题名:计算机仿真和可视化设计
索取号:TP311.56/C030
 
预约/预借
| 序号 | 登录号 | 条形码 | 馆藏地/架位号 | 状态 | 备注 |
| 1 | 227958 | 202279587 | 期刊室512/301自科库 43排2列5层/ [索取号:TP311.56/C030] | 在馆 | |
| 2 | 227959 | 202279596 | 自科二线404/404自科库 18排3列1层/ [索取号:TP311.56/C030] | 在馆 |